Trends in international investment agreements : an overview

Αποθηκεύτηκε σε:
Λεπτομέρειες βιβλιογραφικής εγγραφής
Συγγραφή απο Οργανισμό/Αρχή: United Nations Conference on Trade and Development
Μορφή: Βιβλίο
Γλώσσα:English
Δημοσίευση: New York and Geneva : United Nations, 1999
Σειρά:UNCTAD series on issues in international investment agreements
Θέματα:
Ετικέτες: Προσθήκη ετικέτας
Δεν υπάρχουν, Καταχωρήστε ετικέτα πρώτοι!

MARC

LEADER 00000cam a2200000 i 4500
001 1/21105
008 010906s1999 eng d
020 |a 92-1-112463-8 
035 |l 10067239 
040 |a GR-MY-UA  |b gre  |e aacr 
041 0 |a eng 
082 0 |a 341.752 
245 0 0 |a Trends in international investment agreements :  |b an overview /  |c United Nations Conference on Trade and Development 
260 |a New York and Geneva :   |b United Nations,   |c 1999 
300 |a ix, 121 p. 
490 1 |a UNCTAD series on issues in international investment agreements 
504 |a Includes bibliographical references 
650 0 0 |a Investments, Foreign (International law) 
710 2 |a United Nations Conference on Trade and Development. 
830 0 |a UNCTAD series on issues in international investment agreements 
852 |a INST  |b CHIOS  |e 20010906  |h 341.752 UNI  |p 005200020988  |q 005200020988  |t BK  |y 0 
901 |a BIBL2-2001-2 
970 |a ΣΑΛΑΜΟΥΡΑ  |b ΜΑΡΙΑ  |z 2001/09/06